Cd̤igo Penal Doctrina Jurisprudencial /

Detalles Bibliográficos
Autor principal: Amadeo Gadea, Sergio Luis
Formato: Desconocido
Lenguaje:español
Publicado: Madrid : Factum Libri Ediciones, 2009
Materias:
Acceso en línea:Acceso restringido

MARC

LEADER 00000ny a22000003n 4500
005 20110621113349.0
008 091214s2009 sp 000 0 spa d
020 |a 9788461198870 
035 |a 4696 
040 |a BUS  |d vLex 
090 |c 920  |d 920 
100 1 |a Amadeo Gadea, Sergio Luis 
245 1 0 |a Cd̤igo Penal  |h [Recurso electrn̤ico]  |b Doctrina Jurisprudencial /  |c Sergio Amadeo Gadea  
256 |a Servicio en ln̕ea 
260 |a Madrid :  |b Factum Libri Ediciones,  |c 2009 
300 |a p. ;  |c cm 
506 1 |a Contenido solo disponible en los productos indicados  |d vLex Global  |d vLex Global (Academic Edition, excluding Law Schools)  |d vLex Global (U.S. Academic Edition, Law Schools)  |d vLex Global (U.S. Academic Edition, excluding Law Schools)  |d vLex Global (Academic Edition, Law Schools) 
650 0 4 |a Derecho penal  |x Jurisprudencia  
650 0 4 |a Derecho penal  |x Legislacin̤  
650 0 4 |a Derecho penal  |z Espaą  |x Legislacin̤  |x Cd̤igos  
740 0 |a vLex Libros (Servicios en ln̕ea) 
856 4 0 |u http://vlex.com/source/4696  |z Acceso restringido 
942 |c BOOK